00946nas a2200277Ia 4500001001200000003001000012008004100022040002500063041001300088100001700101210001500118222001500133245005000148250001100198260000900209501012300218300001600341362003200357500004500389650002300434700001100457942000700468957000600475999003300481952015400514dg79-36242 IT-MiCISF161014c99999999xx |||||||||||| ||und|| aIT-MiCISFcIT-MiCISF aITALIANO aValera Luigi aAdultità aAdultità 0aIl lavoro psicologico con il malato terminale a1a ed. c2002 bCISF - Centro Internazionale Studi Famiglia - Via Giotto, 36 20145 MILANO (non commercial uses only)cCopyright 2016 app. 115-125 aSupplemento al n. 15 [2002] aTema: malato-terminale, cura, psicologia asalute-curavvario aAA.VV. cCR 71 a36242bSig1c248032d248032 0010406DG_793624271aCISFbCISFd2016-10-14l0odg79-36242 r2016-10-14 00:00:00w2016-10-14yCRzData import 15.10.2016 / by Epidotti, Vaglietti